Statistics for Total Drama- All Contestants

Click here to take the quiz!

General Stats

  • This quiz has been taken 154 times
  • The average score is 41 of 53

Answer Stats

Name% Correct
Owen
91%
Alejandro
90%
Beth
90%
Courtney
90%
Heather
90%
Duncan
89%
Eva
89%
Zoey
89%
Gwen
88%
Justin
88%
Sierra
88%
Izzy
87%
Sam
87%
Bridgette
86%
Geoff
86%
Katie
86%
Mike
86%
Sadie
86%
Lindsay
85%
Noah
85%
Cody
84%
Ezekiel
84%
Tyler
84%
Leshawna
83%
Harold
82%
Trent
82%
Dakota
81%
Cameron
80%
Amy
79%
Lightning
79%
Scott
79%
DJ
78%
Jo
77%
Anne Maria
76%
Dawn
76%
Staci
74%
Brick
73%
Ella
72%
Shawn
71%
Beardo
69%
Sugar
69%
Dave
68%
Leonard
68%
Max
68%
Samey
68%
Sky
67%
Jasmine
66%
Scarlett
66%
Beverly
62%
Topher
62%
Rodney
59%
Chris
56%
Chef Hatchet
37%

Score Distribution

Percentile by Number Answered

Percent of People with Each Score

Your Score History

You have not taken this quiz